Lãi suất trong nền kinh tế thị trường

Zapisane w:
Opis bibliograficzny
1. autor: Nguyễn Bá Nha
Format: Książka
Język:Vietnamese
Wydane: Sunshine 1997
Etykiety: Dodaj etykietę
Nie ma etykietki, Dołącz pierwszą etykiete!
Thư viện lưu trữ: Mạng thư viện Đại học Đà Nẵng
LEADER 00634nam a2200277 4500
001 000025773
003 1326
005 20150325120000.0
008 150325s vm 000 vie
020 |c 23000,0000 
040 |a D4 
100 |a Nguyễn Bá Nha 
245 |a Lãi suất trong nền kinh tế thị trường 
260 |b Sunshine  |c 1997 
300 |a 230tr. ; 
OWN |a LTT 
999 |a From the UDN01 
TYP |a Monograph 
TYP |a Printed language 
980 |a Mạng thư viện Đại học Đà Nẵng